Exploring classroom discourse : (رقم التسجيلة. 31805)
[ عرض عادي ]
| 000 -الفاتح | |
|---|---|
| حقل البيانات ثابتة الطول | 01467cam a2200385 a 4500 |
| 001 - رقم الضبط | |
| رقم الضبط | 16489533 |
| 003 - محدد رقم الضبط | |
| رقم الضبط | OSt |
| 005 - وقت وتاريخ اخر تعامل مع التسجيلة | |
| رقم الضبط | 20150408114148.0 |
| 008 - عناصر البيانات ثابتة الطول - معلومات عامة | |
| حقل البيانات ثابتة الطول | 101005s2011 enka b 001 0 eng |
| 010 ## - رقم ضبط مكتبة الكونجرس | |
| رقم ضبط مكتبة الكونجرس | 2010041937 |
| 020 ## - الرقم الدولى المعيارى للكتب | |
| الرقم الدولى المعيارى للكتاب | 9780415570664 (hardback) |
| 020 ## - الرقم الدولى المعيارى للكتب | |
| الرقم الدولى المعيارى للكتاب | 0415570662 (hardback) |
| 020 ## - الرقم الدولى المعيارى للكتب | |
| الرقم الدولى المعيارى للكتاب | 9780415570671 (pbk.) |
| 020 ## - الرقم الدولى المعيارى للكتب | |
| الرقم الدولى المعيارى للكتاب | 0415570670 (pbk.) |
| 020 ## - الرقم الدولى المعيارى للكتب | |
| الرقم الدولى المعيارى للكتاب | 9780203827826 (ebook) |
| 020 ## - الرقم الدولى المعيارى للكتب | |
| الرقم الدولى المعيارى للكتاب | 0203827821 (ebook) |
| 035 ## - رقم ضبط النظام | |
| رقم ضبط النظام | (OCoLC)ocn651914285 |
| 040 ## - مصدر الفهرسة | |
| وكالة الفهرسة الأصلية | DLC |
| وكالة النسخ | DLC |
| وكالة التعديل | YDX |
| -- | BTCTA |
| -- | YDXCP |
| -- | CDX |
| -- | BWX |
| -- | DLC |
| 050 00 - رقم طلب مكتبة الكونجرس | |
| رقم التصنيف | P40.8 |
| رقم المادة | .W34 2011 |
| 082 00 - رقم تصنيف ديوى العشرى | |
| رقم التصنيف | 370.14 |
| رقم الطبعة | 22 |
| رقم المادة | WSE |
| 100 1# - المدخل الرئيسى - إسم شخصى | |
| الإسم الشخصى | Walsh, Steve, |
| التواريخ المصاحبة للاسم | 1959- |
| 9 (RLIN) | 39204 |
| 245 10 - بيان العنوان | |
| العنوان | Exploring classroom discourse : |
| بقية العنوان | language in action / |
| بيان المسئوليه,etc | Steve Walsh. |
| 260 ## - PUBLICATION, DISTRIBUTION, ETC. (IMPRINT) | |
| مكان الناشر او الموزع | Abingdon, Oxon ; |
| -- | New York : |
| اسم الناشر او الموزع | Routledge, |
| تاريخ النشر أو التوزيع | 2011. |
| 300 ## - الوصف المادى | |
| التعداد | ix, 239 p. : |
| تفاصيل ماديه اخرى للوعاء | ill. ; |
| أبعاد الوعاء | 24 cm. |
| 490 0# - بيان السلسلة | |
| عنوان السلسلة | Routledge Introductions to applied linguistics |
| 504 ## - تبصرة ببليوجرافية | |
| تبصرة ببليوجرافية,الخ | Includes bibliographical references and index. |
| 650 #0 - المدخل الاضافى بالموضوع-مصطلح موضوعى | |
| مصطلح موضوعي أو اسم جغرافي كعنصر مدخل | Language and education. |
| 9 (RLIN) | 7674 |
| 650 #0 - المدخل الاضافى بالموضوع-مصطلح موضوعى | |
| مصطلح موضوعي أو اسم جغرافي كعنصر مدخل | Oral communication. |
| 650 #0 - المدخل الاضافى بالموضوع-مصطلح موضوعى | |
| مصطلح موضوعي أو اسم جغرافي كعنصر مدخل | Discourse analysis. |
| 650 #0 - المدخل الاضافى بالموضوع-مصطلح موضوعى | |
| مصطلح موضوعي أو اسم جغرافي كعنصر مدخل | Interaction analysis in education. |
| 9 (RLIN) | 38839 |
| 650 #0 - المدخل الاضافى بالموضوع-مصطلح موضوعى | |
| مصطلح موضوعي أو اسم جغرافي كعنصر مدخل | Second language acquisition. |
| 906 ## - عنصر بيانات محلى F, LDF (RLIN) | |
| a | 7 |
| b | cbc |
| c | orignew |
| d | 1 |
| e | ecip |
| f | 20 |
| g | y-gencatlg |
| 942 ## - عناصر المدخل الإضافي( كوها) | |
| مصدر التصنيف او مخطط الترفيف | Dewey Decimal Classification |
| Koha [default] item type | كتاب |
| حالة الفقد | نموذج السعر الفعال | حالة تلف | ليس للاعارة | رقم الطلب | تاريخ الاكتساب | الموقع الحالي | الباركود | الفرع الرئيسي | Date last seen | نوع المادة فى نظام كوها | مصدر التصنيف او خطة الترفيف | Total Checkouts |
|---|---|---|---|---|---|---|---|---|---|---|---|---|
| 2013-11-03 | 370.14 WSE | 2013-11-03 | المكتبة المركزية بالمجمعة (CL) | 00404317 | المكتبة المركزية بالمجمعة (CL) | 2013-11-03 | كتاب | Dewey Decimal Classification | ||||
| 2013-11-03 | 370.14 WSE | 2013-11-03 | المكتبة المركزية بالمجمعة (CL) | 00404318 | المكتبة المركزية بالمجمعة (CL) | 2013-11-03 | كتاب | Dewey Decimal Classification | ||||
| 2013-11-03 | 370.14 WSE | 2013-11-03 | المكتبة المركزية بالمجمعة (CL) | 00404319 | المكتبة المركزية بالمجمعة (CL) | 2013-11-03 | كتاب | Dewey Decimal Classification | ||||
| 2013-11-03 | 370.14 WSE | 2013-11-03 | مكتبة كلية التربية بالزلفى - طالبات (EZF) | 00404320 | مكتبة كلية التربية بالزلفى - طالبات (EZF) | 2013-11-03 | كتاب | Dewey Decimal Classification | ||||
| 2013-11-03 | 370.14 WSE | 2013-11-03 | مكتبة كلية التربية بالزلفى - طالبات (EZF) | 00404321 | مكتبة كلية التربية بالزلفى - طالبات (EZF) | 2013-11-03 | كتاب | Dewey Decimal Classification |
